Speaking of sex : the limits of language /

Shranjeno v:
Bibliografske podrobnosti
Glavni avtor: Grey, Antony
Format: Knjiga
Jezik:angleščina
Izdano: London ; New York : Cassell, 1993
Oznake: Označite
Brez oznak, prvi označite!

MARC

LEADER 00000nam a22000007i 4500
001 IT\ICCU\UBO\4165590
003 ItRI
005 20260115231814.0
008 160112s1993 xxk|||||| ||||| |||||c
020 |a 0304326968 (hardback) 
020 |a 0304326984 (pbk) 
040 |b ita  |c importazione bologna sebina 
041 7 |a eng  |2 ISO-639-2 
100 1 |a Grey, Antony  |0 IT\ICCU\UBOV\425239 
245 1 0 |a Speaking of sex :  |b the limits of language /  |c Antony Grey. 
260 |a London ;  |a New York :  |b Cassell,  |c 1993 
300 |a viii, 144 p. ;  |c 21 cm 
942 |2 ddc  |c BK  |n 0 
952 |0 0  |1 0  |4 0  |6 DOC_306_440000000000000_GRE  |7 0  |9 13073  |a BO  |b BO  |d 2026-01-15  |i 17981  |l 0  |o DOC 306.44 GRE  |p BO17981  |r 2026-01-15 23:18:14  |w 2026-01-15  |x [Sebina 5] [1 v.]  |y BK  |z 1 v. 
999 |c 11203  |d 11203